| 000 | 00752nam a2200205Ii 4500 | ||
|---|---|---|---|
| 003 | JO-AjNU | ||
| 008 | 230605s9999||||xx |||||||||||||| ||und|| | ||
| 040 |
_aJO-AjNU _bara _erda _cJO-AjNU |
||
| 041 | _aara | ||
| 050 | 1 | 4 | _aLC903.N3364 1994 |
| 100 | 3 |
_aالنحلاوي، عبد الرحمن, _eauthor _940527 |
|
| 245 | 0 | 0 | _aمن أساليب التربية الإسلامية:التربية بالعبرة |
| 250 | _aط1 | ||
| 264 | 3 | 1 | _aبيروت:دار الفكر المعاصر،1994/دمشق:دار الفكر،1994 |
| 300 | _a192ص | ||
| 336 |
_atext _btxt _2rdacontent |
||
| 337 |
_aunmediated _bn _2rdamedia |
||
| 338 |
_avolume _bnc _2rdacarrier |
||
| 650 | 4 |
_aالتربية الإسلامية-الأخلاق الإسلامية _940528 |
|
| 999 |
_aA17206 _c20774 _d20774 |
||